Statistics for Teams Managed By Jose Mourinho

Click here to take the quiz!

General Stats

  • This quiz has been taken 75 times
  • The average score is 7 of 8

Answer Stats

YearsAnswer% Correct
2013-15Chelsea
99%
2004-07Chelsea
99%
2016-18Manchester United
99%
2002-04Porto
97%
2010-13Real Madrid
93%
2008-10Inter Milan
90%
2000Benfica
68%
2001-02Uniao de leiria
7%

Score Distribution

Percentile by Number Answered

Percent of People with Each Score

Your Score History

You have not taken this quiz